| 000 | 00945nas0a22002891i 4500 | ||
|---|---|---|---|
| 001 | RU\NLR\DRGNLR\142 | ||
| 005 | 20240725030843.0 | ||
| 035 | _a(NLR Aleph) 010308713 | ||
| 090 |
_a10629428 _c10629428 |
||
| 100 | _a20080514b1911 u y0rusy50 ca | ||
| 101 | 0 | _arus | |
| 102 | _aRU | ||
| 110 | _acya|||||||| | ||
| 200 | 1 |
_aБалашовская газета _eГаз. полит., обществ. и лит. _fРед.-изд. П.П.Орлов |
|
| 210 |
_aБалашов _d1911, 10 мая - 1 сент |
||
| 540 | 1 | _aБалашовская газета | |
| 702 | 1 |
_aОрлов _bПав. Петр. _4340 |
|
| 801 | 0 |
_aRU _bNLR _c20080514 _gPSBO _2gzdor_isis |
|
| 801 | 2 |
_aRU _bNLR _c20080514 _gPSBO _2rusmarc |
|
| 852 |
_aNLR _j1-Р/1-24 |
||
| 942 | _cNEWSPAPER | ||
| 980 | _aDRG | ||